Digestibilidad de materia seca, proteina cruda y energía metabolizable aparente en pollos de engorda suplementados con alicina / (Record no. 219648)
[ view plain ]
| 000 -CABECERA | |
|---|---|
| campo de control de longitud fija | 02672nam a2200289 a 4500 |
| 003 - IDENTIFICADOR DEL NÚMERO DE CONTROL | |
| campo de control | OSt |
| 005 - FECHA Y HORA DE LA ÚLTIMA TRANSACCIÓN | |
| campo de control | 20240913111415.0 |
| 007 - CAMPO FIJO DE DESCRIPCIÓN FÍSICA--INFORMACIÓN GENERAL | |
| campo de control de longitud fija | cr ||||||a|c|a |
| 008 - DATOS DE LONGITUD FIJA--INFORMACIÓN GENERAL | |
| campo de control de longitud fija | 240207s2019 mx a|||fom||| 001 0 spa d |
| 040 ## - FUENTE DE LA CATALOGACIÓN | |
| Normas de descripción | rda |
| 100 1# - ENTRADA PRINCIPAL--NOMBRE DE PERSONA | |
| 9 (RLIN) | 188655 |
| Nombre de persona | Casados Pérez, Hugo Andrés |
| 245 10 - MENCIÓN DE TÍTULO | |
| Título | Digestibilidad de materia seca, proteina cruda y energía metabolizable aparente en pollos de engorda suplementados con alicina / |
| Mención de responsabilidad, etc. | por Hugo Andrés Casados Pérez; director de tesis Fernando González Cerón. |
| 264 #1 - PRODUCCIÓN, PUBLICACIÓN, DISTRIBUCIÓN, FABRICACIÓN Y COPYRIGHT | |
| Producción, publicación, distribución, fabricación y copyright | Chapingo, México : |
| Nombre del de productor, editor, distribuidor, fabricante | El autor, |
| Fecha de producción, publicación, distribución, fabricación o copyright | 2019. |
| 300 ## - DESCRIPCIÓN FÍSICA | |
| Extensión | 1 recurso en línea (37 páginas): |
| Otras características físicas | cuadros. |
| 336 ## - TIPO DE CONTENIDO | |
| Fuente | rdacontent |
| Término de tipo de contenido | texto |
| Código de tipo de contenido | txt |
| 337 ## - TIPO DE MEDIO | |
| Fuente | rdamedia |
| Nombre/término del tipo de medio | computadora |
| Código del tipo de medio | c |
| 338 ## - TIPO DE SOPORTE | |
| Fuente | rdacarrier |
| Nombre/término del tipo de soporte | recurso en línea |
| Código del tipo de soporte | cr |
| 502 ## - NOTA DE TESIS | |
| Tipo de título | Ingeniero Agrónomo Especialista en Zootecnia |
| Nombre de la institución que otorga el título | Departamento de Enseñanza, Investigación y Servicio en Zootecnia, |
| Año de obtención del título | 2019. |
| Información miscelánea | Licenciatura |
| 504 ## - NOTA DE BIBLIOGRAFÍA, ETC. | |
| Nota de bibliografía, etc. | Incluye referencias bibliográficas: páginas 24-33. |
| 520 ## - SUMARIO, ETC. | |
| Sumario, etc. | El objetivo del presente estudio fue determinar el efecto de niveles crecientes de alicina en la digestibilidad ileal de la materia seca (DIMS), la energía metabolizable aparente (DIEMA) y proteína cruda (DIPC). Se utilizaron 900 pollos mixtos Ross 308 de un día de edad los cuales fueron asignados aleatoriamente a tres tratamientos (10 repeticiones por tratamiento con 2 aves por repetición): T1 o control, 0 mg de alicina/kg de peso vivo (PV); T2, 1 mg de alicina/kg PV y T3, 2.5 mg de alicina/kg PV, todas las aves fueron alimentadas ad libitum con una dieta en forma de harina hasta 37 días de edad. La alicina fue administrada diariamente por vía oral con sonda pediátrica de 14 a 28 d de edad. Al día 37 de edad, 20 aves de cada tratamiento fueron sacrificadas para obtener las muestras del íleon. La DIMS, DIEMA y DIPC fueron estimadas utilizando un marcador interno (Fibra Detergente Ácido). Las aves que recibieron alicina tuvieron una menor (p<0.05) DIMS (43.3 y 42.4% para T2 y T3, respectivamente) respecto al tratamiento control (45.9%). Un patrón similar fue observado para DIEMA, dado que las aves de T2 y T3 tuvieron valores significativamente (p<0.05) menores (52.9 y 51.9%, respectivamente) que aquellas en T1 (54.1%). No se observaron diferencias significativas (p>0.05) entre tratamientos para DIPC. En conclusión, la suplementación con alicina reduce la DIMS y DIEMA pero no afecta la DIPC |
| 650 #4 - PUNTO DE ACCESO ADICIONAL DE MATERIA--TÉRMINO DE MATERIA | |
| 9 (RLIN) | 132048 |
| Término de materia o nombre geográfico como elemento de entrada | Pollos de engorde |
| Subdivisión general | Nutrición |
| -- | Suplementos |
| 650 #4 - PUNTO DE ACCESO ADICIONAL DE MATERIA--TÉRMINO DE MATERIA | |
| 9 (RLIN) | 188656 |
| Término de materia o nombre geográfico como elemento de entrada | Alicina |
| Subdivisión general | Efecto en pollos |
| 650 #4 - PUNTO DE ACCESO ADICIONAL DE MATERIA--TÉRMINO DE MATERIA | |
| 9 (RLIN) | 133616 |
| Término de materia o nombre geográfico como elemento de entrada | Materia seca |
| Subdivisión general | Digestibilidad |
| 700 1# - PUNTO DE ACCESO ADICIONAL--NOMBRE DE PERSONA | |
| 9 (RLIN) | 48783 |
| Nombre de persona | González Cerón, Fernando |
| Término indicativo de función/relación | Director de tesis. |
| 856 ## - LOCALIZACIÓN Y ACCESO ELECTRÓNICOS | |
| Identificador Uniforme del Recurso | http://10.13.5.2/tesis/tl/Casado_Perez_Hugo_Andres.pdf |
| Nota pública | DESCARGAR PDF |
| 942 ## - ELEMENTOS DE PUNTO DE ACCESO ADICIONAL (KOHA) | |
| Fuente del sistema de clasificación o colocación | Clasificación Universidad Autónoma Chapingo |
| Tipo de ítem Koha | Tesis digital |
| Estado de retiro | Estado de pérdida | Fuente del sistema de clasificación o colocación | Estado dañado | Restricciones de uso | No para préstamo | Código de colección | Localización permanente | Ubicación/localización actual | Ubicación en estantería | Fecha de adquisición | Total de préstamos | Signatura topográfica completa | Fecha visto por última vez | Precio válido a partir de | Tipo de ítem Koha |
|---|---|---|---|---|---|---|---|---|---|---|---|---|---|---|---|
| Clasificación Universidad Autónoma de Chapingo | Préstamo interno | Tesis digitales de Licenciatura | Biblioteca Digital | Biblioteca Digital | En línea | 07/02/2024 | Tesis digital | 07/02/2024 | 07/02/2024 | Tesis digital |
